000 00287nam a22001337a 4500
008 170627b xxu||||| |||| 00| 0 eng d
020 _a2900072920962
041 _aeng
080 _a05
100 _a21
101 _aGJL
245 _aTHE LAST DANCE
_cDESPELDER, L.A
942 _2udc
_cBK
999 _c19200
_d19200